The well-tun'd word (Record no. 39614)
[ view plain ]
| 000 -LEADER | |
|---|---|
| fixed length control field | 01417nam a2200337 a 4500 |
| 082 04 - DEWEY DECIMAL CLASSIFICATION NUMBER | |
| Classification number | 784.3/001/5 |
| 100 1# - MAIN ENTRY--AUTHOR NAME | |
| Personal name | Jorgens, Elise Bickford. |
| 245 14 - TITLE STATEMENT | |
| Title | The well-tun'd word |
| 260 ## - PUBLICATION, DISTRIBUTION, ETC. (IMPRINT) | |
| Place of publication | Minneapolis : |
| Name of publisher | University of Minnesota Press, |
| Year of publication | c1982. |
| 300 ## - PHYSICAL DESCRIPTION | |
| Number of Pages | xx, 298 p. : |
| Other physical details | music. |
| 650 #0 - SUBJECT ADDED ENTRY--TOPICAL TERM | |
| Topical Term | Music and literature |
| Topical Term | Songs, English |
| Topical Term | English poetry |
| 856 40 - ELECTRONIC LOCATION AND ACCESS | |
| Uniform Resource Identifier | http://site.ebrary.com/lib/rucke/Doc?id=10231225 |
No items available.
